Normal view
MARC view
Entry Personal Name
001 - CONTROL NUMBER
- control field: 41658
003 - CONTROL NUMBER IDENTIFIER
- control field: ARRUPE
005 - DATE AND TIME OF LATEST TRANSACTION
- control field: 20180427155637.0
008 - FIXED-LENGTH DATA ELEMENTS
- fixed length control field: 180427|| aca||aabn | a|a d
040 ## - CATALOGING SOURCE
- Original cataloging agency: ARRUPE
- Transcribing agency: ARRUPE
100 ## - HEADING--PERSONAL NAME
- Personal name: Roza de Oliveira, Octavio
670 ## - SOURCE DATA FOUND
- Source citation: Work cat.: (ARRUPE): Roza de Oliveira, Octavio, A arte rupestre de Mocambique no contexto da Africa austral, 1975